Pozitív, negatív

Bibliographic Details
Main Author: Mészöly, Miklós, 1921-2001 (Author)
Format: Article
Language:Hungarian
PhysicalDescription:Obr. 1
Subjects:

MARC

LEADER 00000nab a2200000 a 4500
001 vtls000471767
003 SK-MaSNL
005 20260304003323.0
008 160202c1992 xo 0 hun
015 |a SNBRB19rr/mm-uuuuu 
035 |a CL0471900 
040 |a SNKBUCL  |b slo  |c SNKBUCL  |e AACR2 
041 0 |a hun 
044 |a xo  |c SK 
080 |a 894.511-3(087.5)=945.11  |2 1981 
100 1 |a Mészöly, Miklós,  |d 1921-2001  |4 aut  |9 106418 
245 1 0 |a Pozitív, negatív  |c Miklós Mészöly 
300 |b Obr. 1 
650 0 7 |a rozprávky autorské  |2 snkbucl  |9 315429 
655 7 |a články z novín a časopisov  |2 snkbucl  |9 267496 
655 7 |a články z odboru literárna veda a krásna literatúra  |2 snkbucl  |9 770045 
773 0 |t Kalligram  |g Č. 8 (1992), s. 12 
850 |a Slovenská národná knižnica v Martine  |a MTA001 
852 |a SNK  |b KIS3GCP 
958 |a RK 
958 |a HU 
958 |a LX 
958 |a NX 
992 |a RBX 
999 |c 2546721  |d 2548651